Pays avec des noms similaires - Statistiques

Statistiques générales
  • Ce quiz a été pris 355 fois
    296 depuis la dernière actualisation
  • Le résultat moyen est 12 sur 19
Statistiques - réponses
Hint Réponse % Correct
Niger Nigeria
100%
Coree du Sud Coree du Nord
95%
Slovaquie Slovenie
93%
Irlande Islande
90%
DR Congo Republique du Congo
84%
Uruguay Paraguay
83%
Soudan Soudan du Sud
81%
Iran Irak
75%
Dominique République Dominicaine
66%
Inde Indonesie
62%
Autriche Australie
61%
Turkmenistan Turquie
58%
Maurice Mauritanie
50%
Suede Suisse
50%
Tonga Togo
50%
Bahrein Brunei
36%
Bahamas Barbade
28%
Mali Malawi
21%
Ghana Guyana
7%
Aucun quiz correspondant
Distribution des résultats
% des personnes avec chaque résultat
Percentile par nombre de réponses
Votre historique - résultats
Vous n’avez pas pris ce quiz depuis la dernière actualisation